[Event "NOR-chT Elite 2223"]
[Site "Norway"]
[Date "2022.12.02"]
[Round "1.14"]
[White "Shehzad, Shazil Khan"]
[Black "Christenson, Flemming"]
[Result "1-0"]
[WhiteElo "2244"]
[BlackElo "2172"]
[PlyCount "103"]
[EventDate "2022.11.11"]
[EventType "team-tourn"]
[EventRounds "9"]
[EventCountry "NOR"]
[SourceTitle "CBM 213 Extra"]
[Source "ChessBase"]
[SourceDate "2023.05.31"]
[SourceVersion "1"]
[SourceVersionDate "2023.05.31"]
[SourceQuality "1"]
[WhiteTeam "Stavanger"]
[BlackTeam "Nordstrand"]
[WhiteTeamCountry "NOR"]
[BlackTeamCountry "NOR"]

1. e4 e6 2. d3 d5 3. Qe2 Nf6 4. Nf3 b6 5. g3 Bb7 6. e5 Nfd7 7. Bg2 c5 8. 0-0 Nc6 9. c4 d4 10. h4 Qc7 11. Re1 Be7 12. Nbd2 0-0-0 13. a3 h6 14. b4 g5 15. b5 Na5 16. h5 Rde8 17. Nh2 Bxg2 18. Kxg2 f5 19. exf6 Bxf6 20. Ne4 Bg7 21. Bd2 Nb3 22. Rab1 Nxd2 23. Nxd2 Rhf8 24. Ng4 Kb8 25. a4 Rf5 26. Ra1 Ne5 27. Nxe5 Rxe5 28. Ne4 Rf8 29. a5 bxa5 30. Ra2 Bf6 31. Rb1 Qb6 32. Qg4 Bd8 33. Nd2 Ref5 34. Ne4 Bc7 35. Kg1 Kc8 36. Rf1 Kd7 37. Nd2 Qb7 38. Nb3 Bb6 39. Nd2 R8f7 40. Qe2 Bc7 41. Nb3 a4 42. Nd2 a6 43. bxa6 Qxa6 44. Ne4 Rf8 45. Rfa1 Rb8 46. Rxa4 Qb6 47. Ra6 Qb2 48. Nxc5+ Rxc5 49. Qxe6+ Kd8 50. Rd6+ Bxd6 51. Qxd6+ Kc8 52. Qxc5+ 1-0

[Event "Dubai op 20th"]
[Site "Dubai"]
[Date "2018.04.02"]
[Round "1"]
[White "Ganguly, Surya Shekhar"]
[Black "Christenson, Flemming"]
[Result "1-0"]
[WhiteElo "2642"]
[BlackElo "2190"]
[PlyCount "99"]
[EventDate "2018.04.02"]
[EventType "swiss"]
[EventRounds "9"]
[EventCountry "UAE"]
[SourceTitle "CBM 183 Extra"]
[Source "ChessBase"]
[SourceDate "2018.04.19"]
[SourceVersion "1"]
[SourceVersionDate "2018.04.19"]
[SourceQuality "1"]

1. e4 g6 2. d4 Bg7 3. Nc3 d6 4. f4 Nc6 5. Bb5 a6 6. Bxc6+ bxc6 7. Be3 Rb8 8. b3 c5 9. Nf3 Nf6 10. dxc5 Bb7 11. e5 Ng4 12. Qe2 dxe5 13. Rd1 Qc8 14. Nxe5 Nxe5 15. fxe5 Bxe5 16. Nd5 Bxd5 17. Rxd5 Qe6 18. Rd3 0-0 19. 0-0 Rfd8 20. Qd2 Rxd3 21. Qxd3 f5 22. Bf2 Bf6 23. Re1 Qc6 24. Qc4+ Kf8 25. Re6 Qd7 26. Be3 Kg7 27. Rxa6 Qd1+ 28. Kf2 Rd8 29. Ra4 g5 30. g3 Qh1 31. Qf1 Qxh2+ 32. Qg2 Qh5 33. Qf3 g4 34. Qg2 Rd1 35. Ke2 Qh3 36. Qf2 Qh1 37. Bd2 Kg6 38. Ra6 Rg1 39. Qf4 Rg2+ 40. Kd3 Qh3 41. Kc4 Rxg3 42. Qg5+ Kf7 43. Qxf5 Rf3 44. Qd5+ Kg7 45. Ra8 Qf1+ 46. Kb4 Rf4+ 47. c4 e5 48. Rg8+ Kh6 49. Bxf4+ Qxf4 50. Qh1+ 1-0

[Event "NOR-chT 1718"]
[Site "Norway"]
[Date "2018.03.02"]
[Round "7.3"]
[White "Ekeberg, Carl Fredrik"]
[Black "Christenson, Flemming"]
[Result "0-1"]
[WhiteElo "2261"]
[BlackElo "2209"]
[PlyCount "144"]
[EventDate "2017.11.03"]
[EventType "team-tourn"]
[EventRounds "9"]
[EventCountry "NOR"]
[SourceTitle "EXT 2019"]
[Source "ChessBase"]
[SourceDate "2018.10.10"]
[SourceVersion "1"]
[SourceVersionDate "2018.10.10"]
[SourceQuality "1"]
[WhiteTeam "Asker"]
[BlackTeam "Nordstrand"]
[WhiteTeamCountry "NOR"]
[BlackTeamCountry "NOR"]

1. d4 e6 2. c4 f5 3. g3 Nf6 4. Bg2 d5 5. Nf3 Bd6 6. 0-0 0-0 7. b3 b6 8. Ba3 Bb7 9. cxd5 Nxd5 10. Bb2 Nd7 11. Nbd2 N7f6 12. Rc1 Qe8 13. Nc4 f4 14. Nfe5 Rb8 15. Bf3 b5 16. Nd2 Rd8 17. gxf4 Nxf4 18. Bxb7 Bxe5 19. e3 Qg6+ 20. Kh1 Nd3 21. f4 Nxb2 22. Qe2 Bd6 23. Rg1 Qd3 24. Qg2 Rf7 25. Nf3 Qxe3 26. Qxb2 Ne4 27. Bxe4 Qxe4 28. Qg2 Bxf4 29. Rce1 Qd5 30. Ne5 Bxe5 31. Rxe5 Qxg2+ 32. Rxg2 Rxd4 33. Rxb5 Rf1+ 34. Rg1 Rxg1+ 35. Kxg1 Rd1+ 36. Kf2 Rd2+ 37. Kg3 Rxa2 38. Rb7 Rc2 39. Rxa7 Kf7 40. b4 Kf6 41. b5 Rc3+ 42. Kf2 g5 43. b6 cxb6 44. Rxh7 b5 45. Rb7 Rc5 46. Ke3 Kf5 47. Rf7+ Ke5 48. Rg7 Kd6 49. Rb7 Rd5 50. Ke4 Rf5 51. Rb6+ Ke7 52. Ke3 Kf6 53. Rb8 Rc5 54. Kd3 Re5 55. Kd4 Re2 56. Rxb5 Rxh2 57. Ke4 Rh4+ 58. Kf3 Rf4+ 59. Kg3 e5 60. Rb8 Kf5 61. Ra8 Rg4+ 62. Kf2 Kf4 63. Rf8+ Ke4 64. Ra8 Rf4+ 65. Kg3 Rf7 66. Kg4 Rd7 67. Kxg5 Ke3 68. Kf5 e4 69. Ra3+ Rd3 70. Ra4 Rd4 71. Ra3+ Kf2 72. Ke5 Rb4 0-1

[Event "NOR-chB"]
[Site "Stavanger"]
[Date "2017.07.07"]
[Round "8"]
[White "Christenson, Flemming"]
[Black "Tofte, Sondre Waage"]
[Result "1-0"]
[WhiteElo "2200"]
[BlackElo "2169"]
[PlyCount "95"]
[EventDate "2017.07.01"]
[EventType "swiss"]
[EventRounds "9"]
[EventCountry "NOR"]
[SourceTitle "CBM 179 Extra"]
[Source "ChessBase"]
[SourceDate "2017.08.23"]
[SourceVersion "1"]
[SourceVersionDate "2017.08.23"]
[SourceQuality "1"]

1. d4 Nf6 2. Nf3 d5 3. Bf4 Bf5 4. e3 e6 5. Bd3 Bxd3 6. Qxd3 Nbd7 7. 0-0 Be7 8. h3 0-0 9. Nbd2 c5 10. c3 Qb6 11. Rab1 Rac8 12. Ne5 Nxe5 13. Bxe5 Nd7 14. Bg3 Bf6 15. b4 c4 16. Qc2 e5 17. f4 exd4 18. exd4 g6 19. Nf3 Bg7 20. Bh4 Rfe8 21. Rbe1 f5 22. Qa4 Qc7 23. Qxa7 Nb6 24. Qa5 Re4 25. Ng5 Ra8 26. Qb5 Bf8 27. Nxe4 dxe4 28. Bf6 Bd6 29. Be5 Rd8 30. a4 Bxe5 31. dxe5 Kf7 32. a5 Nd5 33. Rc1 Ne3 34. Rfe1 Rd3 35. a6 bxa6 36. Qxa6 Nd5 37. Ra1 Rxc3 38. Qa8 Ne7 39. Ra6 Kg7 40. Kh2 Qc8 41. Qxc8 Nxc8 42. Rc6 Ne7 43. Rc7 Kf7 44. Ra1 e3 45. Raa7 e2 46. Rxe7+ Kf8 47. Reb7 e1Q 48. Ra8# 1-0

[Event "NOR-chB"]
[Site "Stavanger"]
[Date "2017.07.01"]
[Round "1"]
[White "Vestly, Jan Vidar"]
[Black "Christenson, Flemming"]
[Result "0-1"]
[WhiteElo "2049"]
[BlackElo "2200"]
[PlyCount "140"]
[EventDate "2017.07.01"]
[EventType "swiss"]
[EventRounds "9"]
[EventCountry "NOR"]
[SourceTitle "CBM 179 Extra"]
[Source "ChessBase"]
[SourceDate "2017.08.23"]
[SourceVersion "1"]
[SourceVersionDate "2017.08.23"]
[SourceQuality "1"]

1. d4 d5 2. Nf3 c6 3. Bf4 Bf5 4. e3 e6 5. c4 Bd6 6. Bg3 Nf6 7. Qb3 Bxg3 8. hxg3 Qb6 9. Nc3 Nbd7 10. Qxb6 axb6 11. Nh4 dxc4 12. Nxf5 exf5 13. Bxc4 b5 14. Bb3 Nb6 15. f3 0-0 16. Kf2 Rfe8 17. Rhe1 Nc4 18. Re2 Nd6 19. Rc1 g6 20. Nb1 Kg7 21. Na3 Nd7 22. Nc2 Nb6 23. Nb4 Nd7 24. Nd3 Nc4 25. Bxc4 bxc4 26. Rxc4 Rxa2 27. Nc5 Nxc5 28. Rxc5 Ra4 29. Rec2 Rb4 30. d5 cxd5 31. Rxd5 Rb3 32. Rd7 b6 33. Rb7 Re6 34. Re2 Kf6 35. Rc7 Rd6 36. Rc3 Rxc3 37. bxc3 Ke6 38. Rb2 Kd7 39. Ke2 Kc6 40. Rb4 Kc5 41. Rd4 Rd5 42. Kd3 b5 43. Kc2 Re5 44. Kd3 Re7 45. g4 fxg4 46. Rxg4 f5 47. Rd4 Ra7 48. g4 fxg4 49. Rxg4 Rd7+ 50. Ke2 Rd6 51. Rb4 h5 52. e4 g5 53. Rb1 Rh6 54. Rg1 Rg6 55. Rh1 h4 56. f4 gxf4 57. Rxh4 Kc4 58. Rh5 Rg3 59. Kd2 Rd3+ 60. Ke2 Re3+ 61. Kd2 Rxe4 62. Rh8 f3 63. Rc8+ Kb3 64. Rf8 Re2+ 65. Kd3 Rc2 66. Rc8 f2 67. Rf8 Rxc3+ 68. Kd4 Rc2 69. Kd3 Kb2 70. Rf4 Kc1 0-1

[Event "NOR-chT 1617"]
[Site "Norway"]
[Date "2016.10.28"]
[Round "1.4"]
[White "Tari, Aryan"]
[Black "Christenson, Flemming"]
[Result "1-0"]
[WhiteElo "2570"]
[BlackElo "2213"]
[PlyCount "113"]
[EventDate "2016.10.28"]
[EventType "team-tourn"]
[EventRounds "9"]
[EventCountry "NOR"]
[SourceTitle "EXT 2018"]
[Source "ChessBase"]
[SourceDate "2017.10.13"]
[SourceVersion "1"]
[SourceVersionDate "2017.10.13"]
[SourceQuality "1"]
[WhiteTeam "Valerenga"]
[BlackTeam "Nordstrand"]
[WhiteTeamCountry "NOR"]
[BlackTeamCountry "NOR"]

1. e4 e6 2. d4 d5 3. Nc3 Nf6 4. e5 Nfd7 5. f4 c5 6. Nf3 Nc6 7. Be3 cxd4 8. Nxd4 Bc5 9. Qd2 0-0 10. g3 a6 11. Bg2 Nxd4 12. Bxd4 b5 13. Ne2 Qb6 14. 0-0 Bb7 15. a3 Rac8 16. Kh1 Bxd4 17. Nxd4 Nc5 18. Rad1 Ne4 19. Qe3 Qc7 20. c3 Rfe8 21. g4 Qc5 22. Qe2 Rc7 23. Bf3 Qe7 24. Qg2 Kh8 25. Rde1 Rd7 26. Re3 f6 27. exf6 Qxf6 28. g5 Qf7 29. Bg4 Rdd8 30. Qh3 Rd6 31. g6 Qg8 32. Kg1 h6 33. Nf3 Qf8 34. Ng5 Kg8 35. Bxe6+ Rdxe6 36. Nxe6 Qf6 37. Nd4 Qxg6+ 38. Qg2 Qf6 39. f5 Re7 40. Qg6 Rf7 41. Qxf6 Rxf6 42. h4 Bc8 43. Kh2 Kf7 44. h5 Bd7 45. Re2 Rb6 46. Rg1 Ng5 47. Kg3 Kf6 48. Rge1 Ne4+ 49. Kf4 Be8 50. Rh1 Bf7 51. Nf3 Be8 52. Nd2 Nxd2 53. Rxe8 Kf7 54. Rd8 Nc4 55. Rd7+ Kf6 56. Rg1 Ne5 57. Rxd5 1-0

[Event "NOR-chT 1415"]
[Site "Norway"]
[Date "2015.01.11"]
[Round "6.2"]
[White "Borresen, Georg S"]
[Black "Christenson, Flemming"]
[Result "1/2-1/2"]
[WhiteElo "2224"]
[BlackElo "2259"]
[PlyCount "68"]
[EventDate "2014.10.31"]
[EventType "team-tourn"]
[EventRounds "11"]
[EventCountry "NOR"]
[SourceTitle "EXT 2016"]
[Source "ChessBase"]
[SourceDate "2015.10.08"]
[SourceVersion "1"]
[SourceVersionDate "2015.10.08"]
[SourceQuality "1"]
[WhiteTeam "Black Knights"]
[BlackTeam "Nordstrand"]
[WhiteTeamCountry "NOR"]
[BlackTeamCountry "NOR"]

1. c4 e6 2. Nf3 d5 3. g3 c6 4. Bg2 Nf6 5. 0-0 Be7 6. d4 0-0 7. Nbd2 Nbd7 8. b3 b6 9. Bb2 Bb7 10. Qc2 Rc8 11. Rfd1 c5 12. e3 dxc4 13. bxc4 Rc7 14. a4 cxd4 15. exd4 Bb4 16. Qb3 Qe7 17. Ba3 Bxa3 18. Qxa3 Qxa3 19. Rxa3 a5 20. Bf1 Ne4 21. Nxe4 Bxe4 22. Nd2 Bb7 23. Rb1 Rd8 24. Rb2 g6 25. Bg2 Bxg2 26. Kxg2 Kg7 27. Rab3 Rc6 28. Rb5 Rdc8 29. Kf3 h6 30. Ke3 g5 31. f4 Kg6 32. h4 g4 33. Kd3 f5 34. Rb1 Rd8 1/2-1/2

[Event "NOR-chT 1415"]
[Site "Norway"]
[Date "2015.01.09"]
[Round "4.4"]
[White "Lahlum, Hans Olav"]
[Black "Christenson, Flemming"]
[Result "1/2-1/2"]
[WhiteElo "2196"]
[BlackElo "2259"]
[PlyCount "31"]
[EventDate "2014.10.31"]
[EventType "team-tourn"]
[EventRounds "11"]
[EventCountry "NOR"]
[SourceTitle "EXT 2016"]
[Source "ChessBase"]
[SourceDate "2015.10.08"]
[SourceVersion "1"]
[SourceVersionDate "2015.10.08"]
[SourceQuality "1"]
[WhiteTeam "Oslo Akademisk"]
[BlackTeam "Nordstrand"]
[WhiteTeamCountry "NOR"]
[BlackTeamCountry "NOR"]

1. d4 d6 2. e4 g6 3. Be3 Bg7 4. c4 c5 5. Nc3 cxd4 6. Bxd4 Nf6 7. f3 Nc6 8. Be3 0-0 9. Bd3 Nd7 10. Nge2 Nc5 11. Bc2 Ne6 12. Qd2 Bd7 13. 0-0 Ne5 14. b3 a6 15. Rac1 Bc6 16. h3 1/2-1/2

[Event "NOR-chT 1415"]
[Site "Norway"]
[Date "2014.11.02"]
[Round "3.6"]
[White "Berg, Emanuel"]
[Black "Christenson, Flemming"]
[Result "1-0"]
[WhiteElo "2555"]
[BlackElo "2259"]
[PlyCount "77"]
[EventDate "2014.10.31"]
[EventType "team-tourn"]
[EventRounds "11"]
[EventCountry "NOR"]
[SourceTitle "EXT 2015"]
[Source "ChessBase"]
[SourceDate "2014.11.20"]
[SourceVersion "1"]
[SourceVersionDate "2014.11.20"]
[SourceQuality "1"]
[WhiteTeam "Oslo SS"]
[BlackTeam "Nordstrand"]
[WhiteTeamCountry "NOR"]
[BlackTeamCountry "NOR"]

1. e4 c5 2. Nf3 d6 3. d4 cxd4 4. Nxd4 Nf6 5. Nc3 g6 6. Be3 Bg7 7. f3 0-0 8. Qd2 Nc6 9. Bc4 Bd7 10. Bb3 Rc8 11. 0-0-0 Ne5 12. Kb1 Nc4 13. Bxc4 Rxc4 14. g4 b5 15. h4 b4 16. Nd5 Nxd5 17. exd5 Qa5 18. h5 Qxd5 19. Nf5 Qxd2 20. Nxe7+ Kh8 21. Rxd2 Re8 22. Nd5 Be6 23. b3 Bxd5 24. bxc4 Bxf3 25. Re1 Kg8 26. Bf2 Rxe1+ 27. Bxe1 Bc3 28. Rd3 Bxe1 29. Rxf3 Bc3 30. Rd3 Be5 31. Rd5 f6 32. h6 Kf7 33. c5 Ke6 34. c6 f5 35. gxf5+ gxf5 36. Rb5 f4 37. Rb8 d5 38. Re8+ Kd6 39. Rxe5 1-0

[Event "NOR-chT 1415"]
[Site "Norway"]
[Date "2014.10.31"]
[Round "1.5"]
[White "Tari, Aryan"]
[Black "Christenson, Flemming"]
[Result "1-0"]
[WhiteElo "2450"]
[BlackElo "2259"]
[PlyCount "141"]
[EventDate "2014.10.31"]
[EventType "team-tourn"]
[EventRounds "11"]
[EventCountry "NOR"]
[SourceTitle "EXT 2015"]
[Source "ChessBase"]
[SourceDate "2014.11.20"]
[SourceVersion "1"]
[SourceVersionDate "2014.11.20"]
[SourceQuality "1"]
[WhiteTeam "Valerenga"]
[BlackTeam "Nordstrand"]
[WhiteTeamCountry "NOR"]
[BlackTeamCountry "NOR"]

1. e4 c5 2. Nf3 d6 3. d4 cxd4 4. Qxd4 Nc6 5. Bb5 Bd7 6. Qd3 a6 7. Bxc6 Bxc6 8. c4 Nf6 9. Nc3 g6 10. h3 Bg7 11. Be3 0-0 12. 0-0 Nd7 13. Nd4 Nc5 14. Qc2 Ne6 15. Qd2 Rc8 16. Rac1 Nxd4 17. Bxd4 Qa5 18. Rfe1 Rfd8 19. a3 Bxd4 20. Qxd4 Qc5 21. Qd2 a5 22. Nd5 Bxd5 23. exd5 Rd7 24. Re4 Qb6 25. Rh4 e5 26. dxe6 fxe6 27. Rd4 d5 28. cxd5 Rcd8 29. d6 Rxd6 30. Rxd6 Rxd6 31. Rc8+ Kg7 32. Qf4 Rd1+ 33. Kh2 Qd6 34. Rc7+ Kg8 35. Qxd6 Rxd6 36. Rxb7 Rd5 37. a4 Rd4 38. b3 Rd3 39. g3 h6 40. h4 Rc3 41. Kg2 Rd3 42. Kf1 Rc3 43. Re7 Rc6 44. Ra7 Rb6 45. Rxa5 Rxb3 46. Ra7 Ra3 47. Ke2 Kf8 48. a5 Kg8 49. a6 Kf8 50. Kd2 Kg8 51. Kc2 e5 52. Kb2 Ra5 53. Kc3 Ra4 54. Kb3 Ra1 55. Kc4 Ra5 56. Kb4 Ra2 57. Kc5 Kf8 58. f3 Ra3 59. Kd5 Ra5+ 60. Ke6 g5 61. Kf6 Kg8 62. Kg6 Kf8 63. Rf7+ Kg8 64. Rg7+ Kf8 65. a7 g4 66. fxg4 e4 67. Kh7 e3 68. Rg8+ Kf7 69. a8Q Rxa8 70. Rxa8 e2 71. Ra1 1-0

[Event "NOR-chT 1011"]
[Site "Oslo"]
[Date "2011.04.02"]
[Round "8"]
[White "Stokke, Kjetil"]
[Black "Christenson, Flemming"]
[Result "1/2-1/2"]
[WhiteElo "2408"]
[BlackElo "2271"]
[PlyCount "91"]
[EventDate "2010.11.05"]
[EventType "team-tourn"]
[EventRounds "9"]
[EventCountry "NOR"]
[SourceTitle "EXT 2012"]
[Source "ChessBase"]
[SourceDate "2011.11.24"]
[SourceVersion "1"]
[SourceVersionDate "2011.11.24"]
[SourceQuality "1"]
[WhiteTeam "Bergens"]
[BlackTeam "Nordstrand"]
[WhiteTeamCountry "NOR"]
[BlackTeamCountry "NOR"]

1. c4 e5 2. g3 f5 3. Nc3 Nf6 4. d4 exd4 5. Qxd4 Nc6 6. Qe3+ Be7 7. Nd5 Nxd5 8. cxd5 Nb4 9. Qd2 Na6 10. a3 Nc5 11. Qc2 0-0 12. Bg2 a5 13. Be3 d6 14. Nf3 a4 15. 0-0 Qe8 16. Nd4 Bf6 17. Rad1 Bxd4 18. Rxd4 b6 19. Rf4 Bd7 20. Bd4 Qh5 21. Bf3 Qg6 22. Rh4 Qg5 23. Qc1 Qe7 24. Qe3 Qf7 25. Qg5 Rae8 26. Rd1 Bb5 27. Rd2 Nb3 28. Rc2 h6 29. Qf4 Nxd4 30. Qxd4 Qe7 31. Qc3 Rc8 32. Rb4 Qd7 33. e3 Kh7 34. Be2 Bxe2 35. Rxe2 Ra8 36. Rc2 Ra7 37. Qd4 Re8 38. Qd3 Re5 39. Rcc4 Ra5 40. Rd4 Qf7 41. Rxa4 Rxa4 42. Rxa4 Rxd5 43. Qb3 Kg6 44. e4 Re5 45. Qd3 Kh7 46. Kg2 1/2-1/2

[Event "NOR-chT qual"]
[Site "Tromsoe"]
[Date "2010.04.10"]
[Round "1"]
[White "Christenson, Flemming"]
[Black "Forsaa, Espen"]
[Result "1/2-1/2"]
[WhiteElo "2269"]
[BlackElo "2306"]
[PlyCount "87"]
[EventDate "2010.04.10"]
[EventType "team-match"]
[EventRounds "1"]
[EventCountry "NOR"]
[SourceTitle "EXT 2012"]
[Source "ChessBase"]
[SourceDate "2011.11.24"]
[SourceVersion "1"]
[SourceVersionDate "2011.11.24"]
[SourceQuality "1"]

1. Nf3 c5 2. g3 Nc6 3. Bg2 e5 4. d3 g6 5. 0-0 Bg7 6. c4 Nge7 7. Nc3 a6 8. Ne4 d6 9. Bg5 f5 10. Nf6+ Kf7 11. Nd5 h6 12. Bxe7 Nxe7 13. Rb1 Nxd5 14. cxd5 Qa5 15. b4 cxb4 16. Qb3 Bd7 17. Qxb4 Qxb4 18. Rxb4 b5 19. Rc1 Rhc8 20. Rbb1 Bf6 21. Nd2 Bd8 22. e3 Ba5 23. Nb3 Bc3 24. d4 exd4 25. Nxd4 Bxd4 26. exd4 Rxc1+ 27. Rxc1 Rc8 28. Rxc8 Bxc8 29. f4 Bb7 30. Kf2 b4 31. Ke3 a5 32. Kd2 Ba6 33. Kc2 a4 34. Kb2 Be2 35. h4 Kf6 36. Bh3 Bf3 37. a3 bxa3+ 38. Kxa3 Bd1 39. Bf1 g5 40. hxg5+ hxg5 41. Bb5 gxf4 42. gxf4 Bb3 43. Bxa4 Bxd5 44. Kb4 1/2-1/2

[Event "NOR-ch"]
[Site "Molde"]
[Date "2004.07.09"]
[Round "8"]
[White "Ostmoe, Geir S Tallaksen"]
[Black "Christenson, Flemming"]
[Result "1-0"]
[WhiteElo "2360"]
[BlackElo "2303"]
[PlyCount "127"]
[EventDate "2004.07.03"]
[EventType "swiss"]
[EventRounds "9"]
[EventCountry "NOR"]
[SourceTitle "CBM 101 Extra"]
[Source "ChessBase"]
[SourceDate "2004.09.01"]
[SourceVersion "2"]
[SourceVersionDate "2004.09.01"]
[SourceQuality "1"]

1. d4 d5 2. c4 e6 3. Nc3 c6 4. e3 f5 5. Bd3 Nf6 6. Nge2 Bd6 7. f3 0-0 8. 0-0 Qe7 9. Qc2 Kh8 10. cxd5 Nxd5 11. a3 Nxc3 12. bxc3 e5 13. c4 exd4 14. exd4 Qf6 15. Qd2 Be6 16. Bb2 Qf7 17. Rac1 Qh5 18. g3 Nd7 19. Rf2 Rae8 20. Nf4 Qh6 21. Nxe6 Qxd2 22. Rxd2 Rxe6 23. f4 Re7 24. Rcc2 Kg8 25. c5 Bc7 26. Re2 Rfe8 27. Rxe7 Rxe7 28. Bxf5 Nf6 29. Kf2 g6 30. Bc8 Ne4+ 31. Kg2 Ba5 32. Re2 Kf7 33. f5 Kf8 34. Bc1 b6 35. Bh6+ Ke8 36. Kf3 Nc3 37. Rxe7+ Kxe7 38. Bg5+ Kf8 39. fxg6 hxg6 40. Bd7 Nb5 41. Ke4 Nxa3 42. Bxc6 Nc2 43. Ba4 Nxd4 44. Kxd4 bxc5+ 45. Kxc5 Bc3 46. Bc2 Kf7 47. Kc4 Be5 48. Be3 a6 49. Kb4 Bc7 50. Bd3 a5+ 51. Kb5 Kf6 52. Bd2 Kg7 53. Bxa5 Be5 54. Kc4 Kh6 55. Bd2+ Kh7 56. Kd5 Bb2 57. Ke6 Kg7 58. Bf4 Ba3 59. Be5+ Kh6 60. Kf7 g5 61. Bg7+ Kh5 62. h3 g4 63. Bg6+ Kg5 64. h4# 1-0

[Event "NOR-ch"]
[Site "Molde"]
[Date "2004.07.06"]
[Round "4"]
[White "Christenson, Flemming"]
[Black "Breivik, Lars H"]
[Result "1-0"]
[WhiteElo "2303"]
[BlackElo "2222"]
[PlyCount "79"]
[EventDate "2004.07.03"]
[EventType "swiss"]
[EventRounds "9"]
[EventCountry "NOR"]
[SourceTitle "CBM 101 Extra"]
[Source "ChessBase"]
[SourceDate "2004.09.01"]
[SourceVersion "2"]
[SourceVersionDate "2004.09.01"]
[SourceQuality "1"]

1. d4 Nf6 2. c4 c5 3. d5 e6 4. Nc3 exd5 5. cxd5 d6 6. e4 g6 7. f3 Bg7 8. Nge2 0-0 9. Ng3 a6 10. a4 h5 11. Bg5 Re8 12. Be2 Nbd7 13. 0-0 Qb6 14. Qd2 Nh7 15. Be3 h4 16. Nh1 f5 17. Nf2 Ne5 18. f4 Nf7 19. a5 Qc7 20. Bd3 Nf6 21. Rfe1 fxe4 22. Nfxe4 Ng4 23. Bf2 Qd8 24. Kh1 Nxf2+ 25. Nxf2 Bf5 26. Bxf5 gxf5 27. Re6 Rf8 28. Na4 Rc8 29. Nb6 Rc7 30. Rae1 Nh6 31. Nc4 Rd7 32. Qe2 h3 33. Qh5 hxg2+ 34. Kxg2 Ng4 35. Nxg4 fxg4 36. Qxg4 Rdf7 37. R1e4 Qd7 38. Nxd6 Rf6 39. f5 Rxe6 40. Rxe6 1-0

[Event "NOR-ch"]
[Site "Molde"]
[Date "2004.07.06"]
[Round "5"]
[White "Hole, Oystein"]
[Black "Christenson, Flemming"]
[Result "1-0"]
[WhiteElo "2300"]
[BlackElo "2303"]
[PlyCount "103"]
[EventDate "2004.07.03"]
[EventType "swiss"]
[EventRounds "9"]
[EventCountry "NOR"]
[SourceTitle "CBM 101 Extra"]
[Source "ChessBase"]
[SourceDate "2004.09.01"]
[SourceVersion "2"]
[SourceVersionDate "2004.09.01"]
[SourceQuality "1"]

1. Nf3 g6 2. c4 Bg7 3. e4 d6 4. d4 Nc6 5. Be2 e5 6. d5 Nce7 7. Nc3 f5 8. 0-0 Nf6 9. Ng5 0-0 10. Bf3 h6 11. Ne6 Bxe6 12. dxe6 fxe4 13. Nxe4 Nxe4 14. Bxe4 c6 15. Qb3 Qc7 16. Rd1 Rad8 17. Be3 b6 18. a4 Kh8 19. a5 bxa5 20. Qa2 Qc8 21. Bxa7 Qxe6 22. Bb6 Rd7 23. Bxa5 Ra8 24. b4 d5 25. cxd5 cxd5 26. Rac1 Rd6 27. Qd2 Rc8 28. Rxc8+ Qxc8 29. b5 Re6 30. Bf3 h5 31. Rc1 Qb7 32. Be2 e4 33. Rc7 Qb8 34. b6 Be5 35. Qh6+ Kg8 36. Rxe7 Rxe7 37. Qxg6+ Bg7 38. Qxh5 Qd6 39. Bd2 Qc6 40. Qg5 Rf7 41. Bh5 Rf8 42. Be3 Kh7 43. Bg4 d4 44. Bf5+ Kg8 45. Bxd4 Rf7 46. h4 Qd6 47. Be3 Qd1+ 48. Kh2 Qd6+ 49. g3 Qe5 50. Bg6 Re7 51. Qg4 Kh8 52. Qc8+ 1-0

[Event "Oslo OSS"]
[Site "Oslo"]
[Date "2004.01.26"]
[Round "1"]
[White "Christenson, Flemming"]
[Black "Johannessen, Svein"]
[Result "1-0"]
[WhiteElo "2303"]
[BlackElo "2317"]
[PlyCount "67"]
[EventDate "2004.01.26"]
[EventType "tourn"]
[EventRounds "9"]
[EventCountry "NOR"]
[EventCategory "3"]
[SourceTitle "CBM 098 Extra"]
[Source "ChessBase"]
[SourceDate "2004.03.10"]
[SourceVersion "2"]
[SourceVersionDate "2004.03.10"]
[SourceQuality "1"]

1. d4 Nf6 2. c4 c6 3. Nc3 d5 4. e3 g6 5. Nf3 Bg7 6. Be2 0-0 7. 0-0 Ne4 8. Qb3 Nxc3 9. bxc3 b6 10. a4 Ba6 11. Ba3 Re8 12. Ra2 e6 13. cxd5 cxd5 14. Bb5 Bxb5 15. axb5 Qc7 16. Rc1 a6 17. c4 dxc4 18. Rxc4 Qb7 19. Rac2 axb5 20. Qxb5 Rd8 21. Bb2 Nd7 22. h3 Nf6 23. Rc7 Qd5 24. Qxb6 Rdb8 25. Qc6 Qxc6 26. R7xc6 Nd5 27. Bc3 Bf8 28. Bd2 Kg7 29. Ne5 Nb4 30. Bxb4 Bxb4 31. Rc7 Rf8 32. Rd7 Ra1+ 33. Kh2 Ba5 34. Rb2 1-0

[Event "Aarhus IM"]
[Site "Aarhus"]
[Date "2003.08.02"]
[Round "7"]
[White "Bromann, Thorbjorn"]
[Black "Christenson, Flemming"]
[Result "1-0"]
[WhiteElo "2360"]
[BlackElo "2261"]
[PlyCount "101"]
[EventDate "2003.07.27"]
[EventType "tourn"]
[EventRounds "9"]
[EventCountry "DEN"]
[EventCategory "5"]
[SourceTitle "CBM 095 Extra"]
[Source "ChessBase"]
[SourceDate "2003.09.04"]
[SourceVersion "1"]
[SourceVersionDate "2003.09.04"]
[SourceQuality "1"]

1. e4 e6 2. d4 d5 3. Nc3 Nf6 4. Bg5 Bb4 5. exd5 Qxd5 6. Bxf6 Bxc3+ 7. bxc3 gxf6 8. Qd2 Nd7 9. c4 Qe4+ 10. Ne2 b6 11. f3 Qh4+ 12. g3 Qh5 13. Bg2 Bb7 14. 0-0 0-0-0 15. a4 e5 16. d5 a5 17. Nc1 Ba6 18. Qc3 Qg6 19. Nb3 f5 20. Rfd1 Qd6 21. Bh3 Kb8 22. Bxf5 Nc5 23. Kg2 f6 24. Rf1 h5 25. Nd2 Rdg8 26. Rab1 Ka7 27. Ne4 Nxe4 28. fxe4 Qc5 29. Be6 Rg6 30. Rf3 h4 31. g4 Bxc4 32. Qd2 h3+ 33. Rxh3 Rxh3 34. Kxh3 Qa3+ 35. Kg2 Qxa4 36. h4 Bb5 37. Bf5 Rg8 38. Qc3 Bc4 39. h5 b5 40. Ra1 Ba2 41. Qxc7+ Ka8 42. Rxa2 Qxa2 43. Bd7 Rxg4+ 44. Bxg4 Qa4 45. d6 Qd4 46. Qxa5+ Kb8 47. Qxb5+ Ka7 48. Qa5+ Kb8 49. d7 Qxe4+ 50. Bf3 Qxc2+ 51. Kg3 1-0

[Event "Aarhus IM"]
[Site "Aarhus"]
[Date "2003.08.01"]
[Round "6"]
[White "Christenson, Flemming"]
[Black "Hermansson, Emil"]
[Result "0-1"]
[WhiteElo "2261"]
[BlackElo "2386"]
[PlyCount "50"]
[EventDate "2003.07.27"]
[EventType "tourn"]
[EventRounds "9"]
[EventCountry "DEN"]
[EventCategory "5"]
[SourceTitle "CBM 095 Extra"]
[Source "ChessBase"]
[SourceDate "2003.09.04"]
[SourceVersion "1"]
[SourceVersionDate "2003.09.04"]
[SourceQuality "1"]

1. d4 Nf6 2. Nf3 g6 3. c4 Bg7 4. Nc3 d5 5. e3 0-0 6. Qb3 e6 7. Bd2 b6 8. Be2 Bb7 9. 0-0 Nbd7 10. Rfd1 c5 11. Be1 Qb8 12. Rac1 Rd8 13. Qa4 a6 14. cxd5 exd5 15. dxc5 bxc5 16. Qh4 Bc6 17. b3 Qb7 18. Rb1 h6 19. h3 Re8 20. a3 Qc7 21. Rd3 Ne4 22. Nxd5 Bxd5 23. Rxd5 Ndf6 24. Rbd1 g5 25. Nxg5 hxg5 0-1